000 00671cab a2200241 4500
001 X23
008 090401t1991 xxu||||| |||| 00| 0 eng d
035 _a(Sirsi) u44586
041 _aeng
245 _aWigan MBC and Ideal Homes North West Ltd
260 _c1991
350 _a0
490 _aPlanning Appeal Decisions
_v(1991) 6 PAD 479
520 _aInquiry 11-13 September and 16 November 1990. Decision letter 7 May 1991.
650 _aHOUSING
650 _aOUTLINE PLANNING PERMISSION
650 _aPLANNING APPEAL
650 _aTRAFFIC
650 _aURBAN DEVELOPMENT PLAN
690 _aPLANNING LAW AND PRACTICE
942 _n0
948 _c04/03/1997
999 _c28333
_d28333